Odišiel zamatový hlas Spomienky na speváka Karola Duchoňa

Bibliographic Details
Main Author: Karšay, A. (Author)
Format: Article
Language:Slovak
Subjects:

MARC

LEADER 00000nab a2200000 a 4500
001 vtls000232032
003 SK-MaSNL
005 20260302212547.0
008 160215c1985 xo 0 slo
015 |a SNBRB19rr/mm-uuuuu 
035 |a CL0242146 
040 |a SNKBUCL  |b slo  |c SNKBUCL  |e AACR2 
041 0 |a slo 
044 |a xo  |c SK 
080 |a 78.071.2  |2 1981 
080 |a 929 Duchoň, Karol  |2 1981 
100 1 |a Karšay, A.  |4 aut  |9 271721 
245 1 0 |a Odišiel zamatový hlas  |b Spomienky na speváka Karola Duchoňa  |c A. Karšay 
600 1 7 |a Duchoň, Karol,  |d 1950-1985  |2 snkbucl  |9 98848 
655 7 |a články z novín a časopisov  |2 snkbucl  |9 267496 
773 0 |t Ľud  |g Roč. 38, č. 269 (14. 11. 1985), s. 5 
850 |a Slovenská národná knižnica v Martine  |a MTA001 
852 |a SNK  |b KIS3GCP 
958 |a BX 
958 |a RK 
992 |a RBX 
999 |c 1489732  |d 1491662